[Event "Rapid 2018"]
[Site "Saint-Petersburg"]
[Date "2018.12.28"]
[Round "11"]
[Board "80"]
[White "Nozdrachev Vladislav (RUS)"]
[Black "Borisenko Viacheslav (UKR)"]
[Result "1-0"]
[LiveChessVersion "1.4.8"]
[BlackElo "2367"]
[WhiteElo "2507"]

1. e4 {[%clk 0:15:18]} g6 {[%clk 0:15:12]} 2. d4 {[%clk 0:15:17]} Bg7
{[%clk 0:15:20]} 3. Nc3 {[%clk 0:15:20]} c6 {[%clk 0:15:28]} 4. Nf3
{[%clk 0:14:44]} d5 {[%clk 0:15:36]} 5. h3 {[%clk 0:14:48]} Nf6 {[%clk 0:15:26]}
6. e5 {[%clk 0:14:45]} Ne4 {[%clk 0:15:30]} 7. Bd3 {[%clk 0:14:50]} Nxc3
{[%clk 0:15:34]} 8. bxc3 {[%clk 0:14:59]} c5 {[%clk 0:15:08]} 9. O-O
{[%clk 0:14:19]} c4 {[%clk 0:15:16]} 10. Be2 {[%clk 0:14:27]} Qa5
{[%clk 0:14:56]} 11. Bd2 {[%clk 0:13:59]} Qa4 {[%clk 0:14:54]} 12. Nh4
{[%clk 0:13:54]} Nc6 {[%clk 0:14:38]} 13. f4 {[%clk 0:13:55]} e6 {[%clk 0:14:46]}
14. g4 {[%clk 0:13:46]} Ne7 {[%clk 0:14:42]} 15. Kh2 {[%clk 0:12:09]} Bd7
{[%clk 0:14:38]} 16. Be1 {[%clk 0:08:38]} O-O-O {[%clk 0:14:16]} 17. Nf3
{[%clk 0:08:46]} h5 {[%clk 0:13:48]} 18. Ng5 {[%clk 0:08:07]} hxg4
{[%clk 0:13:48]} 19. Nxf7 {[%clk 0:08:03]} Rxh3+ {[%clk 0:13:53]} 20. Kg1
{[%clk 0:08:12]} Rg8 {[%clk 0:10:25]} 21. Bxg4 {[%clk 0:08:14]} Rh5
{[%clk 0:10:23]} 22. Bxh5 {[%clk 0:07:34]} gxh5 {[%clk 0:10:31]} 23. Kh1
{[%clk 0:06:16]} Nf5 {[%clk 0:09:38]} 24. Rg1 {[%clk 0:06:24]} Rf8
{[%clk 0:09:36]} 25. Nd6+ {[%clk 0:06:09]} Nxd6 {[%clk 0:09:43]} 26. exd6
{[%clk 0:05:48]} Bh6 {[%clk 0:09:40]} 27. Bg3 {[%clk 0:05:18]} Be8
{[%clk 0:09:25]} 28. Qe2 {[%clk 0:05:07]} Qd7 {[%clk 0:09:20]} 29. Rae1
{[%clk 0:05:16]} Rf6 {[%clk 0:07:38]} 30. Qe5 {[%clk 0:04:51]} Bg7
{[%clk 0:05:50]} 31. f5 {[%clk 0:03:59]} Bf7 {[%clk 0:03:31]} 32. Bh4
{[%clk 0:03:53]} Rg6 {[%clk 0:03:06]} 33. Qf4 {[%clk 0:03:18]} Rxg1+
{[%clk 0:02:34]} 34. Kxg1 {[%clk 0:03:25]} Qe8 {[%clk 0:02:09]} 35. fxe6
{[%clk 0:03:11]} Bxe6 {[%clk 0:02:16]} 36. Qg5 {[%clk 0:03:19]} Bf8
{[%clk 0:02:19]} 37. Rxe6 {[%clk 0:03:26]} 1-0

[Event "Rapid 2018"]
[Site "Saint-Petersburg"]
[Date "2018.12.28"]
[Round "11"]
[Board "81"]
[White "Hirneise Jens (GER)"]
[Black "Vastrukhin Oleg (RUS)"]
[Result "0-1"]
[LiveChessVersion "1.4.8"]
[BlackElo "2495"]
[WhiteElo "2355"]

1. e4 {[%clk 0:15:19]} e6 {[%clk 0:15:19]} 2. d4 {[%clk 0:15:27]} d5
{[%clk 0:15:28]} 3. Nc3 {[%clk 0:15:36]} Bb4 {[%clk 0:15:37]} 4. e5
{[%clk 0:15:45]} c5 {[%clk 0:15:46]} 5. a3 {[%clk 0:15:53]} Bxc3+
{[%clk 0:15:53]} 6. bxc3 {[%clk 0:16:02]} Nc6 {[%clk 0:16:02]} 7. Nf3
{[%clk 0:16:10]} Bd7 {[%clk 0:16:11]} 8. Bd3 {[%clk 0:16:05]} Qa5
{[%clk 0:16:17]} 9. Bd2 {[%clk 0:16:07]} c4 {[%clk 0:16:25]} 10. Be2
{[%clk 0:16:15]} O-O-O {[%clk 0:16:33]} 11. O-O {[%clk 0:15:30]} f5
{[%clk 0:16:28]} 12. Ng5 {[%clk 0:14:40]} Nh6 {[%clk 0:16:19]} 13. f4
{[%clk 0:14:29]} Rdg8 {[%clk 0:15:51]} 14. Rf3 {[%clk 0:14:10]} Nd8
{[%clk 0:15:58]} 15. Qb1 {[%clk 0:13:34]} Nhf7 {[%clk 0:15:52]} 16. Nxf7
{[%clk 0:12:05]} Nxf7 {[%clk 0:15:59]} 17. Qb4 {[%clk 0:11:46]} Qxb4
{[%clk 0:15:44]} 18. cxb4 {[%clk 0:11:51]} Ba4 {[%clk 0:15:50]} 19. Bd1
{[%clk 0:11:43]} h6 {[%clk 0:15:18]} 20. c3 {[%clk 0:11:38]} Bxd1
{[%clk 0:15:21]} 21. Rxd1 {[%clk 0:11:47]} g5 {[%clk 0:15:19]} 22. a4
{[%clk 0:11:18]} Kd7 {[%clk 0:14:45]} 23. Rdf1 {[%clk 0:11:06]} gxf4
{[%clk 0:14:16]} 24. Bxf4 {[%clk 0:11:15]} Rg6 {[%clk 0:13:31]} 25. Rh3
{[%clk 0:11:09]} Rhg8 {[%clk 0:12:57]} 26. Rf2 {[%clk 0:11:14]} Ke8
{[%clk 0:12:54]} 27. Kf1 {[%clk 0:11:15]} Kf8 {[%clk 0:13:01]} 28. Re3
{[%clk 0:10:07]} Kg7 {[%clk 0:12:58]} 29. Rff3 {[%clk 0:09:46]} Kh7
{[%clk 0:12:58]} 30. Re2 {[%clk 0:09:15]} R8g7 {[%clk 0:12:42]} 31. Ref2
{[%clk 0:09:12]} Rg4 {[%clk 0:12:10]} 32. h3 {[%clk 0:06:25]} R4g6
{[%clk 0:11:35]} 33. Kg1 {[%clk 0:06:13]} Rg8 {[%clk 0:10:39]} 34. Kh2
{[%clk 0:06:20]} R6g7 {[%clk 0:10:33]} 35. Kg1 {[%clk 0:06:02]} Nh8
{[%clk 0:10:10]} 36. Kh2 {[%clk 0:05:46]} Ng6 {[%clk 0:10:07]} 37. Bg3
{[%clk 0:04:16]} h5 {[%clk 0:10:13]} 38. Kh1 {[%clk 0:04:01]} Kh6
{[%clk 0:10:13]} 39. Bf4+ {[%clk 0:02:54]} Nxf4 {[%clk 0:08:26]} 40. Rxf4
{[%clk 0:03:03]} Rg3 {[%clk 0:08:33]} 41. R4f3 {[%clk 0:03:11]} h4
{[%clk 0:08:26]} 42. Kg1 {[%clk 0:03:18]} Kg5 {[%clk 0:07:47]} 43. Kf1
{[%clk 0:01:00]} Rxf3 {[%clk 0:07:51]} 44. Rxf3 {[%clk 0:01:08]} f4
{[%clk 0:08:00]} 45. Kf2 {[%clk 0:00:17]} Kf5 {[%clk 0:08:07]} 46. Kf1
{[%clk 0:00:26]} Ke4 {[%clk 0:08:16]} 47. Kf2 {[%clk 0:00:22]} Rc8
{[%clk 0:08:12]} 48. Ke2 {[%clk 0:00:21]} Rc7 {[%clk 0:07:59]} 49. Ke1
{[%clk 0:00:12]} Rc6 {[%clk 0:08:02]} 50. a5 {[%clk 0:00:12]} Ra6
{[%clk 0:07:55]} 51. Rf2 {[%clk 0:00:14]} b6 {[%clk 0:08:01]} 52. Ra2
{[%clk 0:00:18]} bxa5 {[%clk 0:07:45]} 53. b5 {[%clk 0:00:12]} Rb6
{[%clk 0:07:54]} 54. Rxa5 {[%clk 0:00:20]} Kd3 {[%clk 0:08:02]} 55. Rxa7
{[%clk 0:00:17]} Kxc3 {[%clk 0:08:08]} 56. Ra6 {[%clk 0:00:24]} Rxb5
{[%clk 0:08:13]} 57. Rxe6 {[%clk 0:00:32]} Kxd4 {[%clk 0:08:18]} 58. Rh6
{[%clk 0:00:31]} Kxe5 {[%clk 0:08:23]} 59. Rxh4 {[%clk 0:00:39]} Rb1+
{[%clk 0:08:30]} 60. Ke2 {[%clk 0:00:40]} d4 {[%clk 0:08:38]} 61. Rh8
{[%clk 0:00:46]} d3+ {[%clk 0:08:43]} 62. Kd2 {[%clk 0:00:47]} Rb2+
{[%clk 0:08:51]} 63. Kc3 {[%clk 0:00:53]} Rc2+ {[%clk 0:09:00]} 64. Kb4
{[%clk 0:01:01]} d2 {[%clk 0:09:07]} 65. Rd8 {[%clk 0:01:10]} c3 {[%clk 0:09:16]}
0-1

[Event "Rapid 2018"]
[Site "Saint-Petersburg"]
[Date "2018.12.28"]
[Round "11"]
[Board "82"]
[White "Drygalov Andrey (RUS)"]
[Black "Makoveev Ilya (RUS)"]
[Result "1/2-1/2"]
[LiveChessVersion "1.4.8"]
[BlackElo "2173"]
[WhiteElo "2491"]

1. c4 {[%clk 0:15:17]} e5 {[%clk 0:15:09]} 2. Nc3 {[%clk 0:15:23]} Nf6
{[%clk 0:15:17]} 3. g3 {[%clk 0:15:22]} d5 {[%clk 0:15:17]} 4. cxd5
{[%clk 0:15:30]} Nxd5 {[%clk 0:15:25]} 5. Bg2 {[%clk 0:15:33]} Nb6
{[%clk 0:15:32]} 6. e3 {[%clk 0:14:00]} Nc6 {[%clk 0:14:43]} 7. Nge2
{[%clk 0:14:08]} Be7 {[%clk 0:13:06]} 8. O-O {[%clk 0:14:15]} O-O
{[%clk 0:13:09]} 9. f4 {[%clk 0:14:24]} Bf5 {[%clk 0:09:19]} 10. fxe5
{[%clk 0:09:56]} Bd3 {[%clk 0:09:25]} 11. b3 {[%clk 0:09:17]} Qd7
{[%clk 0:07:34]} 12. Bb2 {[%clk 0:07:57]} Nxe5 {[%clk 0:06:38]} 13. Rf4
{[%clk 0:05:59]} c5 {[%clk 0:05:54]} 14. Nc1 {[%clk 0:04:49]} Bg6
{[%clk 0:03:43]} 15. Ne4 {[%clk 0:03:42]} Nc6 {[%clk 0:03:12]} 16. Rf2
{[%clk 0:02:09]} f5 {[%clk 0:02:10]} 17. Nc3 {[%clk 0:02:16]} Ne5
{[%clk 0:02:13]} 18. h3 {[%clk 0:01:17]} Rad8 {[%clk 0:02:02]} 19. N3e2
{[%clk 0:01:12]} Bf6 {[%clk 0:01:48]} 20. d4 {[%clk 0:00:36]} Nc6
{[%clk 0:01:40]} 21. Nd3 {[%clk 0:00:16]} cxd4 {[%clk 0:01:14]} 22. Bxc6
{[%clk 0:00:21]} bxc6 {[%clk 0:01:07]} 23. Bxd4 {[%clk 0:00:18]} Nd5
{[%clk 0:00:53]} 24. Qc1 {[%clk 0:00:23]} Rfe8 {[%clk 0:00:33]} 25. Ndf4
{[%clk 0:00:15]} Bxd4 {[%clk 0:00:22]} 26. exd4 {[%clk 0:00:20]} Nf6
{[%clk 0:00:19]} 27. Nxg6 {[%clk 0:00:19]} hxg6 {[%clk 0:00:28]} 28. Qc4+
{[%clk 0:00:24]} Kh7 {[%clk 0:00:24]} 29. Raf1 {[%clk 0:00:16]} Re4
{[%clk 0:00:22]} 30. Rf4 {[%clk 0:00:20]} Rde8 {[%clk 0:00:25]} 31. Rxe4
{[%clk 0:00:19]} Rxe4 {[%clk 0:00:33]} 32. Rf4 {[%clk 0:00:27]} Qe7
{[%clk 0:00:23]} 33. Rxe4 {[%clk 0:00:18]} Qxe4 {[%clk 0:00:30]} 34. Kf2
{[%clk 0:00:22]} Qh1 {[%clk 0:00:26]} 35. Ke3 {[%clk 0:00:24]} Nd5+
{[%clk 0:00:12]} 36. Kd2 {[%clk 0:00:33]} Nf6 {[%clk 0:00:17]} 37. h4
{[%clk 0:00:15]} Qg2 {[%clk 0:00:22]} 38. Kc1 {[%clk 0:00:11]} Qf3
{[%clk 0:00:15]} 39. a4 {[%clk 0:00:14]} Ne4 {[%clk 0:00:19]} 40. a5
{[%clk 0:00:22]} Qe3+ {[%clk 0:00:17]} 41. Kb2 {[%clk 0:00:21]} g5
{[%clk 0:00:13]} 42. hxg5 {[%clk 0:00:26]} Nxg5 {[%clk 0:00:18]} 43. a6
{[%clk 0:00:13]} Ne4 {[%clk 0:00:21]} 44. Qc2 {[%clk 0:00:21]} g6
{[%clk 0:00:19]} 45. Ka3 {[%clk 0:00:25]} Nd2 {[%clk 0:00:23]} 46. Nf4
{[%clk 0:00:17]} Qxd4 {[%clk 0:00:12]} 1/2-1/2

[Event "Rapid 2018"]
[Site "Saint-Petersburg"]
[Date "2018.12.28"]
[Round "11"]
[Board "83"]
[White "Makarov Marat (RUS)"]
[Black "Tsoi Dmitry (RUS)"]
[Result "1-0"]
[LiveChessVersion "1.4.8"]
[BlackElo "2381"]
[WhiteElo "2486"]

1. Nf3 {[%clk 0:15:15]} f5 {[%clk 0:15:19]} 2. g3 {[%clk 0:15:01]} Nf6
{[%clk 0:15:27]} 3. Bg2 {[%clk 0:15:10]} e6 {[%clk 0:15:36]} 4. O-O
{[%clk 0:15:18]} d5 {[%clk 0:15:40]} 5. c4 {[%clk 0:15:25]} c6 {[%clk 0:15:48]}
6. d3 {[%clk 0:15:11]} Be7 {[%clk 0:15:41]} 7. b3 {[%clk 0:15:01]} O-O
{[%clk 0:15:45]} 8. Bb2 {[%clk 0:15:10]} a5 {[%clk 0:15:34]} 9. Nbd2
{[%clk 0:15:18]} Nbd7 {[%clk 0:15:28]} 10. a3 {[%clk 0:13:12]} Nc5
{[%clk 0:14:27]} 11. b4 {[%clk 0:12:35]} axb4 {[%clk 0:14:34]} 12. axb4
{[%clk 0:12:44]} Rxa1 {[%clk 0:14:43]} 13. Qxa1 {[%clk 0:11:29]} Na6
{[%clk 0:14:49]} 14. b5 {[%clk 0:11:38]} cxb5 {[%clk 0:14:58]} 15. cxd5
{[%clk 0:11:46]} exd5 {[%clk 0:14:45]} 16. Nd4 {[%clk 0:07:20]} Nc7
{[%clk 0:14:48]} 17. Qa5 {[%clk 0:07:13]} Bd7 {[%clk 0:10:45]} 18. Rc1
{[%clk 0:05:33]} Ne6 {[%clk 0:09:18]} 19. Qxd8 {[%clk 0:05:35]} Nxd8
{[%clk 0:09:26]} 20. N2b3 {[%clk 0:05:36]} g6 {[%clk 0:07:07]} 21. e3
{[%clk 0:05:40]} Kf7 {[%clk 0:06:18]} 22. Ne2 {[%clk 0:05:48]} Bc6
{[%clk 0:05:01]} 23. Nf4 {[%clk 0:05:00]} Ne6 {[%clk 0:04:53]} 24. Nd4
{[%clk 0:02:09]} Nxd4 {[%clk 0:04:42]} 25. Bxd4 {[%clk 0:02:17]} Rd8
{[%clk 0:03:51]} 26. Ra1 {[%clk 0:01:46]} Ne8 {[%clk 0:03:00]} 27. Kf1
{[%clk 0:01:49]} Bg5 {[%clk 0:02:11]} 28. Ne2 {[%clk 0:01:54]} Be7
{[%clk 0:02:03]} 29. Ke1 {[%clk 0:02:00]} Ng7 {[%clk 0:01:55]} 30. Bb6
{[%clk 0:01:27]} Rd7 {[%clk 0:01:53]} 31. Kd2 {[%clk 0:01:02]} Ne6
{[%clk 0:01:44]} 32. d4 {[%clk 0:00:56]} Bd8 {[%clk 0:01:30]} 33. Bxd8
{[%clk 0:00:59]} Rxd8 {[%clk 0:01:38]} 34. Nc1 {[%clk 0:01:08]} Nc7
{[%clk 0:01:02]} 35. Nd3 {[%clk 0:01:11]} Ne8 {[%clk 0:01:07]} 36. Ra7
{[%clk 0:00:41]} Nd6 {[%clk 0:00:57]} 37. Nb4 {[%clk 0:00:35]} Ke6
{[%clk 0:00:59]} 38. Nd3 {[%clk 0:00:25]} g5 {[%clk 0:00:35]} 39. Kc3
{[%clk 0:00:16]} Ne4+ {[%clk 0:00:23]} 40. Kb4 {[%clk 0:00:23]} Kd6
{[%clk 0:00:28]} 41. Ra2 {[%clk 0:00:24]} Kc7 {[%clk 0:00:29]} 42. Ne5
{[%clk 0:00:28]} Rf8 {[%clk 0:00:29]} 43. f3 {[%clk 0:00:37]} Nd6
{[%clk 0:00:19]} 44. Bf1 {[%clk 0:00:15]} f4 {[%clk 0:00:18]} 45. exf4
{[%clk 0:00:21]} gxf4 {[%clk 0:00:27]} 46. g4 {[%clk 0:00:30]} Kb6
{[%clk 0:00:28]} 47. Bd3 {[%clk 0:00:38]} h6 {[%clk 0:00:35]} 48. h4
{[%clk 0:00:47]} Nc4 {[%clk 0:00:38]} 49. g5 {[%clk 0:00:47]} hxg5
{[%clk 0:00:41]} 50. hxg5 {[%clk 0:00:56]} Nxe5 {[%clk 0:00:44]} 51. dxe5
{[%clk 0:01:05]} d4 {[%clk 0:00:54]} 52. e6 {[%clk 0:01:03]} Re8 {[%clk 0:00:38]}
53. Bf5 {[%clk 0:01:04]} Bd5 {[%clk 0:00:41]} 54. Re2 {[%clk 0:01:02]} Kc6
{[%clk 0:00:37]} 55. g6 {[%clk 0:01:09]} d3 {[%clk 0:00:21]} 56. Bxd3
{[%clk 0:01:15]} Rxe6 {[%clk 0:00:26]} 57. Rxe6+ {[%clk 0:00:57]} Bxe6
{[%clk 0:00:35]} 58. g7 {[%clk 0:01:05]} Kd5 {[%clk 0:00:37]} 59. Bxb5
{[%clk 0:00:58]} Kd4 {[%clk 0:00:41]} 60. Ba4 {[%clk 0:00:57]} Kd5 1-0

[Event "Rapid 2018"]
[Site "Saint-Petersburg"]
[Date "2018.12.28"]
[Round "11"]
[Board "84"]
[White "Iljiushenok Ilia (RUS)"]
[Black "Ovchinnikov Vsevolod (RUS)"]
[Result "1/2-1/2"]
[LiveChessVersion "1.4.8"]
[BlackElo "2330"]
[WhiteElo "2607"]

1. c4 {[%clk 0:15:19]} Nf6 {[%clk 0:15:16]} 2. Nc3 {[%clk 0:15:28]} d5
{[%clk 0:15:21]} 3. cxd5 {[%clk 0:15:34]} Nxd5 {[%clk 0:15:29]} 4. g3
{[%clk 0:15:37]} Nb6 {[%clk 0:15:37]} 5. Bg2 {[%clk 0:15:38]} g6 {[%clk 0:15:46]}
6. Nf3 {[%clk 0:15:26]} Bg7 {[%clk 0:15:54]} 7. d3 {[%clk 0:15:14]} Nc6
{[%clk 0:15:58]} 8. Be3 {[%clk 0:13:56]} O-O {[%clk 0:13:27]} 9. Qd2
{[%clk 0:13:25]} e5 {[%clk 0:12:07]} 10. Bh6 {[%clk 0:12:39]} Bxh6
{[%clk 0:09:17]} 11. Qxh6 {[%clk 0:12:47]} f6 {[%clk 0:09:25]} 12. Qd2
{[%clk 0:11:46]} Be6 {[%clk 0:07:45]} 13. h4 {[%clk 0:11:26]} Qe7
{[%clk 0:07:00]} 14. O-O {[%clk 0:08:53]} Rad8 {[%clk 0:06:53]} 15. Rac1
{[%clk 0:05:24]} Nc4 {[%clk 0:05:12]} 16. Qc2 {[%clk 0:05:25]} Nd6
{[%clk 0:05:20]} 17. a3 {[%clk 0:05:01]} Qf7 {[%clk 0:02:07]} 18. e3
{[%clk 0:04:58]} Rd7 {[%clk 0:01:19]} 19. b4 {[%clk 0:04:42]} a6 {[%clk 0:01:27]}
20. Qe2 {[%clk 0:04:27]} Ne7 {[%clk 0:00:55]} 21. Rfe1 {[%clk 0:04:01]} Nd5
{[%clk 0:00:32]} 22. Na4 {[%clk 0:03:52]} b6 {[%clk 0:00:17]} 23. e4
{[%clk 0:03:28]} Ne7 {[%clk 0:00:23]} 24. d4 {[%clk 0:03:37]} Bc4
{[%clk 0:00:29]} 25. Qe3 {[%clk 0:03:13]} Nc6 {[%clk 0:00:15]} 26. d5
{[%clk 0:02:51]} Na7 {[%clk 0:00:16]} 27. Nb2 {[%clk 0:02:41]} Ba2
{[%clk 0:00:12]} 28. Nd2 {[%clk 0:01:34]} Nab5 {[%clk 0:00:20]} 29. Ra1
{[%clk 0:01:31]} Nd4 {[%clk 0:00:29]} 30. Rec1 {[%clk 0:01:25]} Nxe4
{[%clk 0:00:13]} 31. Nxe4 {[%clk 0:01:08]} Bxd5 {[%clk 0:00:20]} 32. Rc3
{[%clk 0:00:53]} Re8 {[%clk 0:00:16]} 33. Rac1 {[%clk 0:00:41]} Qe7
{[%clk 0:00:16]} 34. Rxc7 {[%clk 0:00:35]} Rxc7 {[%clk 0:00:15]} 35. Rxc7
{[%clk 0:00:43]} Qxc7 {[%clk 0:00:14]} 36. Nxf6+ {[%clk 0:00:51]} Kf8
{[%clk 0:00:13]} 37. Qh6+ {[%clk 0:00:46]} 1/2-1/2

[Event "Rapid 2018"]
[Site "Saint-Petersburg"]
[Date "2018.12.28"]
[Round "11"]
[Board "85"]
[White "Hakobyan Aram (ARM)"]
[Black "Drygalov Sergey (RUS)"]
[Result "1-0"]
[LiveChessVersion "1.4.8"]
[BlackElo "2471"]
[WhiteElo "2545"]

1. Nf3 {[%clk 0:15:17]} Nf6 {[%clk 0:15:07]} 2. c4 {[%clk 0:15:23]} e6
{[%clk 0:14:59]} 3. g3 {[%clk 0:15:28]} d5 {[%clk 0:14:53]} 4. Bg2
{[%clk 0:15:35]} dxc4 {[%clk 0:14:13]} 5. Qa4+ {[%clk 0:15:37]} Bd7
{[%clk 0:13:54]} 6. Qxc4 {[%clk 0:15:41]} c5 {[%clk 0:14:01]} 7. O-O
{[%clk 0:15:07]} Nc6 {[%clk 0:12:27]} 8. Rd1 {[%clk 0:14:23]} Rc8
{[%clk 0:11:30]} 9. Nc3 {[%clk 0:13:06]} a6 {[%clk 0:11:36]} 10. Qf4
{[%clk 0:12:17]} Qb6 {[%clk 0:08:35]} 11. b3 {[%clk 0:10:13]} Be7
{[%clk 0:08:07]} 12. Bb2 {[%clk 0:10:19]} O-O {[%clk 0:07:33]} 13. Rac1
{[%clk 0:10:03]} Rfd8 {[%clk 0:05:13]} 14. Na4 {[%clk 0:08:28]} Qa7
{[%clk 0:04:21]} 15. Bxf6 {[%clk 0:08:11]} gxf6 {[%clk 0:04:29]} 16. Qg4+
{[%clk 0:08:09]} Kh8 {[%clk 0:04:34]} 17. Qh5 {[%clk 0:08:17]} Be8
{[%clk 0:03:38]} 18. Qh6 {[%clk 0:07:55]} Nd4 {[%clk 0:01:39]} 19. Nxd4
{[%clk 0:06:44]} Rxd4 {[%clk 0:01:36]} 20. e3 {[%clk 0:04:55]} Rg4
{[%clk 0:01:30]} 21. d4 {[%clk 0:05:02]} Rg6 {[%clk 0:00:33]} 22. Qh4
{[%clk 0:04:37]} c4 {[%clk 0:00:29]} 23. d5 {[%clk 0:04:27]} b5 {[%clk 0:00:36]}
24. d6 {[%clk 0:03:35]} Bd8 {[%clk 0:00:26]} 25. Nc3 {[%clk 0:03:13]} f5
{[%clk 0:00:31]} 26. Qh5 {[%clk 0:02:07]} b4 {[%clk 0:00:26]} 27. Ne2
{[%clk 0:02:16]} c3 {[%clk 0:00:34]} 28. Nf4 {[%clk 0:02:24]} Rg7
{[%clk 0:00:34]} 29. Nxe6 {[%clk 0:02:24]} Rg6 {[%clk 0:00:13]} 30. Nf8
{[%clk 0:02:00]} Kg7 {[%clk 0:00:15]} 31. d7 {[%clk 0:01:55]} 1-0

[Event "Rapid 2018"]
[Site "Saint-Petersburg"]
[Date "2018.12.28"]
[Round "11"]
[Board "86"]
[White "Shinkevich Vitaly (RUS)"]
[Black "Bilguun Sumiya (MGL)"]
[Result "0-1"]
[LiveChessVersion "1.4.8"]
[BlackElo "2415"]
[WhiteElo "2545"]

1. Nf3 {[%clk 0:12:19]} d5 {[%clk 0:15:16]} 2. c4 {[%clk 0:12:27]} e6
{[%clk 0:15:23]} 3. g3 {[%clk 0:12:36]} Nf6 {[%clk 0:15:29]} 4. Bg2
{[%clk 0:12:45]} dxc4 {[%clk 0:15:37]} 5. O-O {[%clk 0:12:51]} Be7
{[%clk 0:15:41]} 6. Qc2 {[%clk 0:12:48]} a6 {[%clk 0:14:05]} 7. a4
{[%clk 0:12:46]} O-O {[%clk 0:12:10]} 8. Ne5 {[%clk 0:12:18]} a5 {[%clk 0:11:00]}
9. Na3 {[%clk 0:11:47]} Na6 {[%clk 0:11:05]} 10. Naxc4 {[%clk 0:11:51]} Nb4
{[%clk 0:11:06]} 11. Qb3 {[%clk 0:11:57]} Nd7 {[%clk 0:09:39]} 12. d3
{[%clk 0:10:49]} Nxe5 {[%clk 0:08:56]} 13. Nxe5 {[%clk 0:10:57]} Bf6
{[%clk 0:09:01]} 14. Nc4 {[%clk 0:10:43]} Nd5 {[%clk 0:07:42]} 15. Bd2
{[%clk 0:10:29]} c6 {[%clk 0:07:17]} 16. e4 {[%clk 0:09:49]} Nb4 {[%clk 0:07:09]}
17. Rad1 {[%clk 0:04:38]} Be7 {[%clk 0:04:48]} 18. Be3 Ra6 19. d4
{[%clk 0:04:11]} b5 {[%clk 0:05:05]} 20. Ne5 {[%clk 0:04:12]} f6 {[%clk 0:04:12]}
21. Nf3 {[%clk 0:03:42]} Kh8 {[%clk 0:04:18]} 22. Rc1 {[%clk 0:03:23]} Bd7
{[%clk 0:04:27]} 23. Rfd1 {[%clk 0:02:51]} Qe8 {[%clk 0:04:02]} 24. Bf1
{[%clk 0:01:01]} Ra8 {[%clk 0:04:10]} 25. axb5 {[%clk 0:00:39]} cxb5
{[%clk 0:04:14]} 26. Bf4 {[%clk 0:00:44]} a4 {[%clk 0:03:26]} 27. Qe3
{[%clk 0:00:52]} Rc8 {[%clk 0:03:34]} 28. Rxc8 {[%clk 0:00:51]} Qxc8
{[%clk 0:03:34]} 29. Rc1 {[%clk 0:00:58]} Qa8 {[%clk 0:03:08]} 30. Rc7
{[%clk 0:00:58]} Qd8 {[%clk 0:02:03]} 31. Rc1 {[%clk 0:00:27]} Qa8
{[%clk 0:01:49]} 32. Rc7 {[%clk 0:00:34]} Qd8 {[%clk 0:01:43]} 33. Qc3
{[%clk 0:00:18]} h6 {[%clk 0:01:02]} 34. h4 {[%clk 0:00:23]} Kh7 {[%clk 0:00:38]}
35. h5 {[%clk 0:00:27]} Qe8 {[%clk 0:00:27]} 36. g4 {[%clk 0:00:28]} e5
{[%clk 0:00:28]} 37. dxe5 {[%clk 0:00:23]} Bxg4 {[%clk 0:00:35]} 38. exf6
{[%clk 0:00:13]} Bxf6 {[%clk 0:00:40]} 39. e5 {[%clk 0:00:21]} Be7
{[%clk 0:00:29]} 40. Bxh6 {[%clk 0:00:14]} Rxf3 {[%clk 0:00:24]} 41. Qd4
{[%clk 0:00:23]} Bxh5 {[%clk 0:00:28]} 42. Be3 {[%clk 0:00:11]} Qg6+
{[%clk 0:00:31]} 43. Bg2 {[%clk 0:00:20]} Rf7 {[%clk 0:00:37]} 44. Kh2
{[%clk 0:00:22]} Bg4 {[%clk 0:00:21]} 45. f4 {[%clk 0:00:11]} Bf8
{[%clk 0:00:19]} 46. Rxf7 {[%clk 0:00:12]} Qxf7 {[%clk 0:00:26]} 47. Bd2
{[%clk 0:00:16]} Nc2 {[%clk 0:00:18]} 48. Be4+ {[%clk 0:00:13]} Bf5
{[%clk 0:00:27]} 49. Kg3 {[%clk 0:00:11]} Nxd4 {[%clk 0:00:36]} 0-1

[Event "Rapid 2018"]
[Site "Saint-Petersburg"]
[Date "2018.12.28"]
[Round "11"]
[Board "87"]
[White "Rechlis Gad (ISR)"]
[Black "Lobanov Sergei (RUS)"]
[Result "1-0"]
[BlackElo "2398"]
[WhiteElo "2543"]
[LiveChessVersion "1.4.8"]

1. e4 {[%clk 0:13:53]} c5 {[%clk 0:15:00]} 2. Nc3 {[%clk 0:13:36]} Nc6
{[%clk 0:15:07]} 3. Nf3 {[%clk 0:13:37]} e5 {[%clk 0:14:59]} 4. Bc4
{[%clk 0:13:38]} d6 {[%clk 0:14:17]} 5. d3 {[%clk 0:13:39]} Be7 {[%clk 0:14:17]}
6. Nd2 {[%clk 0:13:42]} Nf6 {[%clk 0:14:07]} 7. Nf1 {[%clk 0:13:50]} a6
{[%clk 0:13:27]} 8. a4 {[%clk 0:13:46]} O-O {[%clk 0:13:35]} 9. Ne3
{[%clk 0:13:54]} Nd4 {[%clk 0:13:17]} 10. O-O {[%clk 0:13:51]} Rb8
{[%clk 0:12:55]} 11. a5 {[%clk 0:13:49]} Be6 {[%clk 0:11:52]} 12. Bd2
{[%clk 0:10:40]} Qd7 {[%clk 0:09:38]} 13. Ncd5 {[%clk 0:10:02]} Bd8
{[%clk 0:09:30]} 14. f4 {[%clk 0:09:13]} exf4 {[%clk 0:07:23]} 15. Rxf4
{[%clk 0:08:06]} Ne8 {[%clk 0:07:31]} 16. c3 {[%clk 0:06:07]} Nc6
{[%clk 0:07:39]} 17. Qh5 {[%clk 0:06:16]} Nxa5 {[%clk 0:06:03]} 18. Rxa5
{[%clk 0:06:24]} Bxa5 {[%clk 0:06:10]} 19. Rh4 {[%clk 0:06:04]} h6
{[%clk 0:06:08]} 20. Nf5 {[%clk 0:06:13]} Bd8 {[%clk 0:03:05]} 21. Bxh6
{[%clk 0:04:38]} Bxh4 {[%clk 0:01:01]} 22. Bxg7 {[%clk 0:04:14]} Nxg7
{[%clk 0:01:08]} 23. Qxh4 {[%clk 0:03:54]} Bxd5 {[%clk 0:00:40]} 24. Nh6+
{[%clk 0:03:52]} Kh7 {[%clk 0:00:48]} 25. Ng4+ {[%clk 0:04:00]} 1-0

[Event "Rapid 2018"]
[Site "Saint-Petersburg"]
[Date "2018.12.28"]
[Round "11"]
[Board "88"]
[White "Apryshko Gleb (RUS)"]
[Black "Reshetnikov Alexey (RUS)"]
[Result "0-1"]
[BlackElo "2537"]
[WhiteElo "2420"]
[LiveChessVersion "1.4.8"]

1. e4 {[%clk 0:12:55]} e5 {[%clk 0:15:11]} 2. Nf3 {[%clk 0:13:03]} Nc6
{[%clk 0:15:20]} 3. Nc3 {[%clk 0:13:08]} Nf6 {[%clk 0:15:22]} 4. a3
{[%clk 0:13:13]} d6 {[%clk 0:14:22]} 5. d4 {[%clk 0:12:56]} exd4 {[%clk 0:14:15]}
6. Nxd4 {[%clk 0:13:04]} Be7 {[%clk 0:13:45]} 7. Nde2 {[%clk 0:13:11]} O-O
{[%clk 0:13:47]} 8. g3 {[%clk 0:13:20]} Bg4 {[%clk 0:12:22]} 9. Bg2
{[%clk 0:13:29]} Ne5 {[%clk 0:12:29]} 10. f4 {[%clk 0:13:38]} Nc6
{[%clk 0:10:51]} 11. h3 {[%clk 0:13:29]} Bd7 {[%clk 0:10:39]} 12. Be3
{[%clk 0:13:02]} Re8 {[%clk 0:10:46]} 13. Qd3 {[%clk 0:11:16]} Be6
{[%clk 0:08:43]} 14. O-O-O {[%clk 0:09:05]} Nd7 {[%clk 0:08:42]} 15. Nd5
{[%clk 0:08:59]} Bf8 {[%clk 0:08:29]} 16. Rhe1 {[%clk 0:06:05]} Nb6
{[%clk 0:08:00]} 17. Nec3 {[%clk 0:06:04]} g6 18. Nb5 Rc8 {[%clk 0:03:55]} 19.
Bd2 {[%clk 0:06:23]} Bg7 {[%clk 0:03:07]} 20. Bc3 {[%clk 0:06:27]} f6
{[%clk 0:01:53]} 21. b3 {[%clk 0:04:26]} Nd7 {[%clk 0:02:01]} 22. Bb2
{[%clk 0:04:36]} a6 {[%clk 0:01:51]} 23. Nbc3 {[%clk 0:04:44]} Nc5
{[%clk 0:01:54]} 24. Qd2 {[%clk 0:04:44]} b5 {[%clk 0:01:18]} 25. Qf2
{[%clk 0:03:08]} Bf7 {[%clk 0:01:14]} 26. g4 {[%clk 0:01:35]} Rb8
{[%clk 0:01:20]} 27. Qh4 {[%clk 0:01:30]} b4 {[%clk 0:00:54]} 28. axb4
{[%clk 0:01:39]} Nxb4 {[%clk 0:01:03]} 29. Qf2 {[%clk 0:00:19]} a5
{[%clk 0:00:54]} 30. Qd4 {[%clk 0:00:18]} Nc6 {[%clk 0:00:56]} 31. Qc4
{[%clk 0:00:19]} a4 {[%clk 0:00:45]} 32. Nxa4 {[%clk 0:00:19]} Na5
{[%clk 0:00:33]} 33. Qd4 {[%clk 0:00:19]} Naxb3+ {[%clk 0:00:36]} 34. cxb3
{[%clk 0:00:25]} Nxb3+ {[%clk 0:00:45]} 35. Kc2 {[%clk 0:00:23]} Nxd4+ 36. Rxd4
c6 {[%clk 0:01:00]} 37. Ndc3 {[%clk 0:00:22]} Qa5 {[%clk 0:01:04]} 0-1